Statistics for Japan 2016 Olympic Soccer Squad

Click here to take the quiz!

General Stats

  • This quiz has been taken 12 times
  • The average score is 9 of 18

Answer Stats

HintPositionAnswer% Correct
18FWTakumi Minamino
80%
3MFWataru Endo
80%
4DFHiroki Fujiharu
60%
12GKKosuke Nakamura
60%
1GKMasatoshi Kushibiki
60%
7MFRiki Harakawa
60%
9MFShinya Yajima
60%
13FWShinzo Koroki
60%
10MFShoya Nakajima
60%
16FWTakuma Asano
60%
11FWMusashi Suzuki
40%
5DFNaomichi Ueda
40%
2DFSei Muroya
40%
17DFTakuya Iwanami
40%
6DFTsukasa Shiotani
40%
15DFMasashi Kamekawa
20%
8MFRyota Oshima
20%
14MFYosuke Ideguchi
20%

Score Distribution

Percentile by Number Answered

Percent of People with Each Score

Your Score History

You have not taken this quiz